000 00493nam a2200181Ia 4500
005 20250326141528.0
008 250326s9999 xx 000 0 und d
037 _aTextbook
040 _aFMSL
_beng
_cFMSL
041 _aeng
_2eng
084 _qFMSL
100 _aPhillips R.
_9744650
245 0 _aConsultancy approach for trainers.
_cPhillips R.; Shaw P.
260 _aEngland
_bEngland, Gower publication comp.
_c1989
300 _a174p
942 _cTB
999 _c1290727
_d1290727